000 00403nam a22001697a 4500
001 22471
005 20260330105057.0
008 260330b2013 |||||||| |||| 00| 0 slo d
020 _a9788080883393
_qleporelo
040 _bslo
100 _aWise, Graham
245 _aRiekanky
_bMačka lezie dierou
260 _aBratislava
_bMatys
_c2013
300 _a8
655 _aleporelá
942 _2ddc
_cOLDE
_n0
999 _c22471
_d22471